000
00297nam a22001337a 4500
008
170327b xxu||||| |||| 00| 0 eng d
020
_a
1556480342
041
_a
eng
080
_a
615.83
100
_a
8
101
_a
SHM
245
_a
OCCUPATIONAL HEALTH SERVICES
_c
NEWKIRK, W.L
942
_2
udc
_c
BK
999
_c
8742
_d
8742